000 00659nab a2200193 4500
001 244442
003 OSt
005 20250703114644.0
007 tu
008 200917s2020|||||||
040 _aDE-2950
_cDE-2950
245 0 0 _aDRK will bessere Kooperation mit Polen
_bWasserwacht. Die Kontakte sind gut. trotzdem ist bei der grenzübergreifenden Lebensrettung auf der Oder noch Luft nah oben, finden die Ehrenamtlicher/
_cThomas Geuchen
264 _c2024
653 _aFrankfurt (Oder)
653 _aWasserwacht
653 _aZusammenarbeit
773 0 _g36. Jahrgang (2025) Nr. 146 vom 26.06.2025, S. 13 mit Foto
_tMärkische Oderzeitung
942 _2z
_cA
999 _c373862
_d373862